1432 1203 1232 1360 1409 1302 1169 1375 1605 1711 1038 1648 1116 1749 1042 1162 1187 1907 1259 1515 1494 1491 1427 1097 1216 1948 1591 1671 1583 1053 1264 1101 1581 1870 1273 1508 1202 1430 1866 1661 1336 1336 1203 1634 1426 1413 1902 1140 1521 1322 1395 1562 1830 1226 1520 1776 1496 1783 1118 1486 1102 1233 1412 1487 1384 1728 1640 1376 1282 1163 1490 1658 1051 1684 1857 1714 1068 1964 1322 1413 1260 1485 1430 1368 1464 1514 1471 1939 1612 1693 1793 1427 1354 1340 1842 1382 1895 1000 1729 BCNSPRNW ULIB Ver.6.0+V

เปลี่ยนเป็นภาษาไทย

Change to English
 แสดงรายละเอียดบรรณานุกรม
  กลับหน้าหลัก

Brief Record : Get Marc (ISO 2709) : E-mail record : QR code < ปิดหน้าต่าง
LEADER : 00000nam 2200000uu 4500
001    13399124467
003     ULIB
008    150727s2557||||th 000 0 tha d
020    ^a9745863998
060  4 ^aQT4^bส356 ล.2
110 1  ^aมหาวิทยาลัยมหิดล.^bคณะวิทยาศาสตร์.^bภาควิชาสรีรวิทยา
245 00 ^aสรีรวิทยา 2 ฉบับปรับปรุงครั้งที่ 5/^cโดย คณาจารย์ภาควิชาสรีรวิทยา คณะวิทยาศาสตร์ มหาวิทยาลัยมหิดล
250    ^aฉบับปรับปรุง ครั้งที่ 5
260    ^aกรุงเทพฯ :^bภาควิชาสรีรวิทยา คณะวิทยาศาสตร์ มหาวิทยาลัยมหิดล,^c2557.
300    ^a257 หน้า :^bภาพประกอบ ;^c30 ซม.
650  7 ^aสรีรวิทยา
700 0  ^aบัวรอง ลิ่วเฉลิมวงศ์ บรรณาธิการ
945    ^p440^l0^i23000
945    ^p440^l0^i23001
945    ^p440^l0^i23002
945    ^p440^l0^i23003
945    ^p440^l0^i23004
945    ^p440^l0^i23005
945    ^p440^l0^i23006
945    ^p440^l0^i23007
999    ^aทศพร เกษรทอง
รายการนี้ยังไม่มีแท็ก
คุณยังไม่ได้ล็อกอิน คุณสามารถมีกิจกรรมร่วมกับเว็บไซต์ได้ แต่ต้องล็อกอินก่อน ::
  ล็อกอิน

รายการสื่อสารสนเทศ

ลำดับที่ ประเภท เลขเรียก/บาร์โค้ด สถานที่ สถานะ
1. วิทยาศาสตร์การแพทย์ และสุขภาพ
วิทยาศาสตร์การแพทย์ และสุขภาพ
สถานะ=หนังสือเก่า
QT4 ส356 ล.2 ฉ.1 
  Barcode: 23000
ห้องสมุดวิทยาเขตนครสวรรค์
►ส่วนจัดเก็บหนังสือเก่า นว.
บนชั้น
  ขอยืม
2. วิทยาศาสตร์การแพทย์ และสุขภาพ
วิทยาศาสตร์การแพทย์ และสุขภาพ
สถานะ=หนังสือเก่า
QT4 ส356 ล.2 ฉ.2 
  Barcode: 23001
ห้องสมุดวิทยาเขตนครสวรรค์
►ส่วนจัดเก็บหนังสือเก่า นว.
บนชั้น
  ขอยืม
3. วิทยาศาสตร์การแพทย์ และสุขภาพ
วิทยาศาสตร์การแพทย์ และสุขภาพ
สถานะ=หนังสือเก่า
QT4 ส356 ล.2 ฉ.3 
  Barcode: 23002
ห้องสมุดวิทยาเขตนครสวรรค์
►ส่วนจัดเก็บหนังสือเก่า นว.
บนชั้น
  ขอยืม
4. วิทยาศาสตร์การแพทย์ และสุขภาพ
วิทยาศาสตร์การแพทย์ และสุขภาพ
สถานะ=หนังสือเก่า
QT4 ส356 ล.2 ฉ.4 
  Barcode: 23003
ห้องสมุดวิทยาเขตนครสวรรค์
►ส่วนจัดเก็บหนังสือเก่า นว.
บนชั้น
  ขอยืม
5. วิทยาศาสตร์การแพทย์ และสุขภาพ
วิทยาศาสตร์การแพทย์ และสุขภาพ
สถานะ=หนังสือเก่า
QT4 ส356 ล.2 ฉ.5 
  Barcode: 23004
ห้องสมุดวิทยาเขตนครสวรรค์
►ส่วนจัดเก็บหนังสือเก่า นว.
บนชั้น
  ขอยืม
6. วิทยาศาสตร์การแพทย์ และสุขภาพ
วิทยาศาสตร์การแพทย์ และสุขภาพ
สถานะ=หนังสือเก่า
QT4 ส356 ล.2 ฉ.6 
  Barcode: 23005
ห้องสมุดวิทยาเขตนครสวรรค์
►ส่วนจัดเก็บหนังสือเก่า นว.
บนชั้น
  ขอยืม
7. วิทยาศาสตร์การแพทย์ และสุขภาพ
วิทยาศาสตร์การแพทย์ และสุขภาพ
สถานะ=หนังสือเก่า
QT4 ส356 ล.2 ฉ.7 
  Barcode: 23006
ห้องสมุดวิทยาเขตนครสวรรค์
►ส่วนจัดเก็บหนังสือเก่า นว.
บนชั้น
  ขอยืม
8. วิทยาศาสตร์การแพทย์ และสุขภาพ
วิทยาศาสตร์การแพทย์ และสุขภาพ
สถานะ=หนังสือเก่า
QT4 ส356 ล.2 ฉ.8 
  Barcode: 23007
ห้องสมุดวิทยาเขตนครสวรรค์
►ส่วนจัดเก็บหนังสือเก่า นว.
บนชั้น
  ขอยืม

รายการใกล้เคียง
    หัวเรื่อง [สรีรวิทยา]

BibComment


ยังไม่เคยถูกคอมเมนท์

คอมเมนท์ทรัพยากรรายการนี้
  คอมเมนท์: สรีรวิทยา 2 ฉบับ..


 Copyright 2026. Bcnsprnw @Library